000 00746 a2200205 4500
005 20080905104639.0
008 080905t xxu||||| |||| 00| 0 eng d
010 _aENG-87534
020 _c695.00
_a8131302828
035 _aEN-71067
037 _bD.B.Act / Pub
082 _a363.70071
100 _aMohan, I
245 _aEnivronment education
_cby I. Mohan
260 _aNew Delhi
_bA P H Publishing
_c2007
300 _axii, 300 p.
_c22 cm. (Hb).
500 _aIncludes bibliographical references
942 _adpl
_cEN
_k363.70071 / MOH
_2ddc
_h363.70071
_mMOH
999 _c6636
_d6636